<?xml version="1.0" encoding="UTF-8"?>
<record
    xmlns:xsi="http://www.w3.org/2001/XMLSchema-instance"
    xsi:schemaLocation="http://www.loc.gov/MARC21/slim http://www.loc.gov/standards/marcxml/schema/MARC21slim.xsd"
    xmlns="http://www.loc.gov/MARC21/slim">

  <leader>02378    a2200241   4500</leader>
  <controlfield tag="001">59043</controlfield>
  <controlfield tag="005">20260407155845.0</controlfield>
  <controlfield tag="008">260407a2022    arg                 spa d</controlfield>
  <controlfield tag="003">AR-UNSa-BCEJYS</controlfield>
  <datafield tag="040" ind1=" " ind2=" ">
    <subfield code="a">AR-UNSa-BCEJYS</subfield>
    <subfield code="b">spa</subfield>
    <subfield code="c">AR-UNSa-BCEJYS</subfield>
  </datafield>
  <datafield tag="080" ind1=" " ind2=" ">
    <subfield code="a">349.2</subfield>
    <subfield code="x">Derecho del Trabajo</subfield>
  </datafield>
  <datafield tag="245" ind1="1" ind2="0">
    <subfield code="a">Manual de derecho laboral</subfield>
  </datafield>
  <datafield tag="020" ind1=" " ind2=" ">
    <subfield code="a">978-950-20-3053-1</subfield>
  </datafield>
  <datafield tag="250" ind1=" " ind2=" ">
    <subfield code="a">15a. ed.</subfield>
  </datafield>
  <datafield tag="264" ind1=" " ind2="1">
    <subfield code="a">Buenos Aires :</subfield>
    <subfield code="b">Abeledo Perrot</subfield>
    <subfield code="c">2022</subfield>
  </datafield>
  <datafield tag="300" ind1=" " ind2=" ">
    <subfield code="a">lxi, 839 p.</subfield>
    <subfield code="c">24 cm.</subfield>
  </datafield>
  <datafield tag="505" ind1=" " ind2=" ">
    <subfield code="a">1. Trabajo humano. Derecho del trabajo. Pol&#xED;tica social &#x2013; 2. Historia del derecho del trabajo. Perspectivas de las relaciones laborales &#x2013; 3. Fuentes del derecho del trabajo &#x2013; 4. Principios del derecho del trabajo &#x2013; 5. Contrato de trabajo. Relaci&#xF3;n de dependencia &#x2013; 6. Registraci&#xF3;n del contrato. Empleo no registrado y defectuosamente registrado. Sanciones y multas &#x2013; 7. Fraude. Responsabilidad solidaria regulada en la LCT &#x2013; 8. Responsabilidad de socios, gerentes y directores. Transferencia y cesi&#xF3;n del contrato &#x2013; 9. Periodo de prueba. Modalidades del contrato &#x2013; 10. Derechos y deberes de las partes &#x2013; 11. Remuneraciones &#x2013; 12. R&#xE9;gimen de jornada. Descansos, feriados, vacaciones y licencias &#x2013; 13. Trabajo de mujeres y de menores &#x2013; 14. Enfermedades y accidentes inculpables &#x2013; 15. Suspensi&#xF3;n del contrato &#x2013; 16. Estabilidad. Preaviso. Despido. Casos de injuria &#x2013; 17. R&#xE9;gimen indemnizatorio. Art. 245, LCT, y rubros principales. Indemnizaciones agravadas &#x2013; 18. Formas de extinci&#xF3;n del contrato de trabajo &#x2013; 19. R&#xE9;gimen de las Peque&#xF1;as y Medianas Empresas (PYMES). Estatutos especiales &#x2013; 20. Asociaciones sindicales de trabajadores &#x2013; 21. Negociaci&#xF3;n colectiva. Convenios colectivos &#x2013; 22. Conflictos colectivos de trabajo. Medidas de acci&#xF3;n directa &#x2013; 23. Derecho administrativo y procesal del trabajo &#x2013; 24. Derecho internacional del trabajo &#x2013; 25. Accidentes del trabajo y enfermedades profesionales. Jurisprudencia &#x2013; 26. Derecho de la seguridad social. Sistema Integrado Previsional Argentino (SIPA) &#x2013; 27. Seguro de desempleo &#x2013; 28. Asignaciones familiares &#x2013; 29. Obras sociales. Seguro de salud </subfield>
  </datafield>
  <datafield tag="041" ind1=" " ind2=" ">
    <subfield code="a">spa</subfield>
  </datafield>
  <datafield tag="942" ind1=" " ind2=" ">
    <subfield code="c">BK</subfield>
  </datafield>
  <datafield tag="590" ind1=" " ind2=" ">
    <subfield code="a">niveau_biblio:m niveau_hierar:0</subfield>
  </datafield>
  <datafield tag="100" ind1="1" ind2=" ">
    <subfield code="a">Grisolia, Julio Armando</subfield>
  </datafield>
  <datafield tag="856" ind1="4" ind2="1">
    <subfield code="u">https://www.biblioeco.unsa.edu.ar/pmb/images/libros/L128944.jpg</subfield>
    <subfield code="y">Imagen de portada</subfield>
    <subfield code="q">image/jpeg</subfield>
  </datafield>
  <datafield tag="999" ind1=" " ind2=" ">
    <subfield code="c">6590</subfield>
    <subfield code="d">6590</subfield>
  </datafield>
  <datafield tag="952" ind1=" " ind2=" ">
    <subfield code="0">0</subfield>
    <subfield code="1">0</subfield>
    <subfield code="4">0</subfield>
    <subfield code="7">0</subfield>
    <subfield code="a">BCEJYS</subfield>
    <subfield code="b">BCEJYS</subfield>
    <subfield code="c">16</subfield>
    <subfield code="d">2026-04-07</subfield>
    <subfield code="l">0</subfield>
    <subfield code="o">349.2 G869m 15ed.</subfield>
    <subfield code="p">L128944</subfield>
    <subfield code="r">2026-04-07 15:58:45</subfield>
    <subfield code="w">2026-04-07</subfield>
    <subfield code="y">L</subfield>
    <subfield code="z">1&#xB0; Y &#xDA;LTIMA P&#xC1;GINAS UN POCO DOBLADAS - P&#xC1;GINA 771 CON MANCHITA</subfield>
  </datafield>
  <datafield tag="952" ind1=" " ind2=" ">
    <subfield code="0">0</subfield>
    <subfield code="1">0</subfield>
    <subfield code="4">0</subfield>
    <subfield code="7">0</subfield>
    <subfield code="a">BCEJYS</subfield>
    <subfield code="b">BCEJYS</subfield>
    <subfield code="c">16</subfield>
    <subfield code="d">2026-04-07</subfield>
    <subfield code="l">0</subfield>
    <subfield code="o">349.2 G869m 15ed.</subfield>
    <subfield code="p">L128945</subfield>
    <subfield code="r">2026-04-07 15:58:45</subfield>
    <subfield code="w">2026-04-07</subfield>
    <subfield code="y">L</subfield>
    <subfield code="z">&#xDA;LTIMAS 4 P&#xC1;GINAS UN POCO H&#xDA;MEDAS</subfield>
  </datafield>
</record>
